000 01141naa a22003137a 4500
001 BR8400486
003 BR-BrBNA
005 20250721154430.0
007 ta
008 250630b bl.|||m| |||| 00| 0 por d
040 _aBR-BrBNA
_bpor
_cBiblioteca Nacional de Agricultura
041 _a(Pt)
072 _aL00
_b5212
_b5100
090 _aL00 BR8400486
100 1 _aVieira, M.
245 1 _aAtrelamento de animais [bovino, equino, manejo]
246 1 _a[Animal leashing [bovine, equine, management]]
246 1 _a[Mechanization in maize crop using animal traction]
500 _aMecanizacao na cultura do milho utilizando a tracao animal Sete Lagoas, MG (Brasil): 1983. p. 105-114 (BR8400486-AMS)
773 0 _tMecanizacao na cultura do milho utilizando a tracao animal
_wL00 BR8400486
_gSete Lagoas, MG (Brasil), 1983. p. 105-114
650 _aBOVINO
650 _aEQUINO
650 _aARREIO
650 _aTRACAO ANIMAL
650 _aMANEJO
490 _aCircular Tecnica - Centro Nacional de Pesquisa de Milho e Sorgo (Brazil)
_vno. 9
_xISSN 0100-8013
942 _cAMS
_2AGRIS
909 _a202506
_bLúcia
_c55
_dLúcia Elande
999 _c334720
_d334720